Thực trạng nhận thức của phụ huynh tại Thành phố Hồ Chí Minh về sự phát triển của trẻ từ 6-11 tuổi

Gespeichert in:
Bibliographische Detailangaben
1. Verfasser: Trương, Văn Tuấn
Format: Buch
Sprache:Undetermined
Schlagworte:
Online Zugang:http://lrc.tdmu.edu.vn/opac/search/detail.asp?aID=2&ID=22933
Tags: Tag hinzufügen
Keine Tags, Fügen Sie den ersten Tag hinzu!
Thư viện lưu trữ: Trung tâm Học liệu Trường Đại học Thủ Dầu Một
LEADER 00777nam a2200145Ia 4500
001 TDMU_22933
008 210410s9999 xx 000 0 und d
082 |a 155.646 
100 |a Trương, Văn Tuấn 
245 0 |a Thực trạng nhận thức của phụ huynh tại Thành phố Hồ Chí Minh về sự phát triển của trẻ từ 6-11 tuổi 
245 0 |c Huỳnh Văn Sơn 
300 |a Tr.57-68 
650 |a Trẻ em (6-11 tuổi); Nhận thức của cha mẹ; Phụ huynh; Phát triển trẻ em; Thành phố Hồ Chí Minh; Trí tuệ xã hội; Chính trị xã hội 
856 |u http://lrc.tdmu.edu.vn/opac/search/detail.asp?aID=2&ID=22933 
980 |a Trung tâm Học liệu Trường Đại học Thủ Dầu Một